000 00501nam a2200181Ia 4500
003 GCL
008 140319s9999 xx 000 0 ara d
040 _aGCL /
_cGCL
082 0 4 _a212.2
_bا س
100 1 _aاحمد القطان
245 1 0 _aسرى وللنساء فقط /
_cاحمد القطان
260 _a[S.N] :
_bمكتبة السندس
300 _a79 ص
490 _a
650 0 4 _aالاخلاق الاسلامية
650 0 4 _aالاداب الاسلامية
942 _2ddc
_cBK
999 _c54652
_d54652